• 首页
  • 本馆介绍
  • 公告通知
  • 最新文献
  • 馆藏检索
  • 电子资源
  • 读者导购
  • 参考咨询
  • 我的图书馆
  • 登录
  • 详细信息显示
  • 放入我的书架
  • 预约/预借图书
  • 作者相关作品
  • 分类相关作品
  • 丛书相关作品
  • 出版社相关作品

书目信息

  • 表格格式
  • 工作单格式
  • 卡片格式
题名:
学前儿童发展心理学
    
 
作者: 张丽霞 编著
分册:  
出版信息: 武汉   华中师范大学出版社  2013
页数: 243页
开本: 26cm
丛书名:
单 册:
中图分类: B844.12
科图分类:
主题词: 学前儿童--儿童心理学--幼儿师范学校--教材
电子资源:
ISBN: 978-7-5622-6023-3
000 00884nam0 2200241 450
001 0103057708
005 20140213101101.0
010    @a978-7-5622-6023-3@dCNY36.00
100    @a20140111d2013 em y0chiy0120 ea
101 0  @achi
102    @aCN@b420000
105    @aa z 000yy
106    @ar
200 1  @a学前儿童发展心理学@9Xue Qian Er Tong Fa Zhan Xin Li Xue @f张丽霞编著@b专著
210    @a武汉@c华中师范大学出版社@d2013
215    @a243页@c图@d26cm
300    @a全国学前教育专业“十二五”规划教材
330    @a本书共分为十二单元,着重介绍了各年龄阶段儿童心理的整体面貌,揭示了儿童心理发展的内部矛盾及其在各个发展阶段的不同表现,详细撰写了引导学前儿童心理发展的实践训练活动。
606 0  @a学前儿童@x儿童心理学@x幼儿师范学校@j教材
690    @aB844.12@v5
701  0 @a张丽霞@4编著@9zhang li xia
801  0 @aCN@bAZmarc@c20230901
905    @aBZT@dB844.12@e14@f1@sB844.12/14
    
    学前儿童发展心理学/张丽霞编著.-武汉:华中师范大学出版社,2013
    243页:图;26cm
    全国学前教育专业“十二五”规划教材
    
    ISBN 978-7-5622-6023-3:CNY36.00
    本书共分为十二单元,着重介绍了各年龄阶段儿童心理的整体面貌,揭示了儿童心理发展的内部矛盾及其在各个发展阶段的不同表现,详细撰写了引导学前儿童心理发展的实践训练活动。
●
相关链接 在五车中查询图书 在当当中查询图书 在豆瓣中查询图书


正题名:学前儿童发展心理学     索取号:B844.12/14         预约/预借

序号 登录号 条形码 馆藏地/架位号 状态 备注
1 2000030367   2000030367   旧书回溯/ [索取号:B844.12/14] 在馆    
山东省滨州职业学院图书馆 欢迎您!
大连网信软件有限公司© 版权所有